| 000 | 00428nam a22001697a 4500 | ||
|---|---|---|---|
| 005 | 20170103154903.0 | ||
| 008 | 170103b xxu||||| |||| 00| 0 eng d | ||
| 020 | _a9781554700066 | ||
| 040 | _cPK-LaUMT | ||
| 082 |
_a616.834 _bPAU-M |
||
| 100 | _aPaul O'Connor | ||
| 245 |
_aMultiple sclerosis _bthe facts you need _cPaul O'Connor |
||
| 250 | _a4th | ||
| 260 |
_aToronto _bKey porter _c1998 |
||
| 300 | _a159 p. | ||
| 942 | _cBK | ||
| 999 |
_c89756 _d89756 |
||